Responses for Show #7685 - Friday, January 26, 2018

Rachel Lindgren game 6.

Contestants

[<< previous game]

Melissa Stewart, a baker and barista from Spokane, Washington

Jennifer Tomassi, a freelance writer from Los Angeles, California

Rachel Lindgren, a fire lookout from Bend, Oregon (whose 5-day cash winnings total $75,999)

[next game >>]

Jeopardy! Round responses

CAUTIONARY TRAILS
DURING THE OBAMA PRESIDENCY
SIMILES IF YOU PLEASE
TV SHOWS BY WORKPLACE
THE FABRICS OF OUR LIVES
THE THING'S THE PLAY
    $200 1
reindeer

Rachel
    $200 30
Cuba

Triple Stumper
    $200 21
"Hungry Like The Wolf"

Jennifer
    $200 4
The Office

Jennifer
    $200 13
tulle

Jennifer
    $200 11
a streetcar named Desire

Jennifer
    $400 2
men at work

Rachel
    $400 29
(Jennifer: What is the CIA?)
(Melissa: What is Anonymous?)
(Rachel: What is the NSA?)

Wikileaks

RachelJenniferMelissa
Triple Stumper
    $400 22
nails

Jennifer
    $400 5
Arrested Development

Jennifer
    $400 16
tweed

Jennifer
    $400 12
A Dollhouse

Rachel
    $600 3
slippery when wet

Jennifer
    $600 26
Robin Williams

Melissa
    $600 23
(Rachel: [In a Southern accent] What is [*]?)
(Alex: [In a Southern accent] Oh, and I love the accent. It is so fine. So fine.)

"Life is like a box of chocolates"

Rachel
    $600 6
Gotham

Jennifer
    $600 18
calico

Triple Stumper
    $1,000 14
The Crucible

Jennifer
    $800 9
jellyfish

Rachel
    $800 27
Sotomayor

Melissa
    $800 24
happy as a clam

Jennifer
    $800 7
The Mary Tyler Moore Show

Triple Stumper
    $800 19
(Rachel: What is angora?)

cashmere

RachelMelissa
    $800 15
[Rachel gave her response starting with the indefinite article.]

The Dumb Waiter

Rachel
    $1000 10
a troll

Jennifer
    $1000 28
a gun

Triple Stumper
    $1000 25
(Alex: With less than a minute to go.)

mad as a hatter

Melissa
    $1000 8
Night Shift

Rachel
    $1000 20
madras

Jennifer
    $1000 17
Carousel

Melissa

Scores at the first commercial break (after clue 14):

Rachel Jennifer Melissa
$2,800 $4,200 $0

Scores at the end of the Jeopardy! Round:

Rachel Jennifer Melissa
$3,000 $6,600 $3,800

Double Jeopardy! Round responses

CREDITORS & PREY
VICTORIAN ARCHITECTURE
RIVERS
SWORD CINEMA
CHARACTERS IN MYTH
ENDS WITH "Z"
    $400 26
payday loans

Rachel
    $400 21
the Royal Albert Hall

Jennifer
    $400 16
the Columbia

Melissa
    $400 7
Wonder Woman

Melissa
    $400 1
the Golden Fleece

Jennifer
    $400 6
a whiz

Melissa
    $800 27
a balloon

Jennifer
    $800 22
the Isle of Wight

Triple Stumper
    $800 17
the Rhine

Triple Stumper
    $800 8
Highlander

Melissa
    $800 2
Atlas

Rachel
    $800 10
quartz

Jennifer
    $1200 28
negative amortization

Triple Stumper
    $1200 23
the Palace of Westminster

Triple Stumper
    $1200 18
the Euphrates

Melissa
    $1200 9
Kill Bill

Rachel
    $1,000 3
(Alex: Say something.)
(Rachel: I don't know.)

Psyche

Rachel
    $1200 11
kibitz

Melissa
    $1,000 29
(Alex: Jennifer?)
(Jennifer: What is gouge?)

usury

Jennifer
    $1600 24
the Kew Gardens

Rachel
    $1600 19
the Zambezi

Rachel
    $1600 12
Hellboy

Rachel
    $1600 4
Cassandra

Jennifer
    $1600 14
(Rachel: What is schlitz?)

slivovitz

Rachel
Triple Stumper
    $2000 30
arbitration

Jennifer
    $2000 25
red brick universities

Triple Stumper
    $2000 20
the Yukon

Melissa
    $2000 13
Conan the Barbarian

Triple Stumper
    $2000 5
Damon & Pythias

Triple Stumper
    $2000 15
gigahertz

Rachel

Scores at the end of the Double Jeopardy! Round:

Rachel Jennifer Melissa
$9,600 $11,600 $10,200

[wagering suggestions for these scores]

Final Jeopardy! Round responses

CHILDREN'S LIT
RachelWho is Amelia Bedelia? :)
$9,500
MelissaWho is ?
$10,000
JenniferWho is Pippi Longstock-ing
$8,801
Pippi Longstocking

Final scores:

Rachel Jennifer Melissa
$100 $20,401 $200
3rd place: $1,000 New champion: $20,401 2nd place: $2,000

Game dynamics:

Coryat scores:

Rachel Jennifer Melissa
$10,600 $12,200 $10,200
14 R,
4 W
(including 1 DD)
19 R
(including 1 DD),
2 W
(including 1 DD)
12 R,
1 W

Combined Coryat: $33,000

[game clues] [game scores] [suggest correction]

Game tape date: 2017-11-01
The J! Archive is created by fans, for fans. Scraping, republication, monetization, and malicious use prohibited; this site may use cookies and collect identifying information. See terms. The Jeopardy! game show and all elements thereof, including but not limited to copyright and trademark thereto, are the property of Jeopardy Productions, Inc. and are protected under law. This website is not affiliated with, sponsored by, or operated by Jeopardy Productions, Inc. Join the discussion at JBoard.tv.